Deštruktívne skúšky zvarov kovových materiálov. Skúška rozlomením. STN 05 1126. EN 1320 : Jún 2000

Saved in:
Bibliographic Details
Format: Book
Language:Slovak
Published: Bratislava : Slovenský ústav technickej normalizácie, 2000
Subjects:
Tags: Add Tag
No Tags, Be the first to tag this record!

MARC

LEADER 00000nam a22000003a 4500
001 stu77441
005 20150408161650.3
008 021001s2000----xo------------------slo-d
040 |a STU  |b slo 
041 0 |a slo 
044 |a xo 
080 |a 621.7 
245 |a Deštruktívne skúšky zvarov kovových materiálov. Skúška rozlomením. STN 05 1126. EN 1320 :  |b Jún 2000 
260 |a Bratislava :  |b Slovenský ústav technickej normalizácie,  |c 2000 
300 |a 20 s 
650 7 |a zváranie  |2 stusub 
996 |b 284M050592  |c M*N-433-1  |l MMKN  |s A  |a 24  |w stu77441_0001